000 00971 a2200229 4500
005 20080828151457.0
008 080828t xxu||||| |||| 00| 0 eng d
010 _aENG-87383
020 _a8175413504
_c750.00
035 _aEN-70916
037 _bD.B.Act / Pub
082 _a370.954
245 _aEducation in India
_cedited by Marmar Mukhopadhyay and Madhu Parhar
_bdynamics of development
260 _aDelhi
_bShipra Publications
_c2007
270 _a115-A, Vikas Marg, Shakarpur,
_bDelhi
_e110092
_k011-65277210, 011-22500954
_l91-11-22458662
_minfo@shiprapublications.com
300 _a344 p.
_c21 cm. (Hb).
500 _aIncludes bibliographical references and index
700 _aMukhopadhyay, Marmar
700 _aParhar, Madhu
942 _adpl
_cEN
_k370.954 / EDU
_2ddc
_h370.954
_mEDU
999 _c6395
_d6395